Top 10 państw Europy z najdłuższą linią brzegową - Statystyki

Ogólne statystyki
  • Ten quiz został rozwiązany 37 700 razy
  • Średni wynik to 8 z 10
Statystyki odpowiedzi
km Państwo % Poprawnych
27,400 Norwegia
93%
20,200 Rosja
92%
6,520 Szwecja
89%
6,020 Włochy
88%
4,810 Francja
86%
12,100 Wielka Brytania
85%
4,190 Finlandia
84%
9,480 Grecja
78%
5,100 Dania
73%
5,200 Islandia
65%
Nie znaleziono quizów pasujących do podanych kryteriów
Rozkład punktacji
Procent ludzi z każdym wynikiem
Percentyl według liczby udzielonych odpowiedzi
Twoja historia wyników
Nie rozwiązałeś tego quizu